[Event "Druzynowe Mistrzostwa Polski Juniorow - I Liga Juniorow 2019"]
[Site "Ustron"]
[Date "1899-12-30"]
[Round "9.9"]
[White "Karwacki, Piotr"]
[Black "Wielgus, Wojciech"]
[Result "1-0"]
[WhiteTitle "I"]
[BlackTitle "I"]
[WhiteElo "1780"]
[BlackElo "1821"]

1. e4 c5 2. Nf3 d6 3. d4 cxd4 4. Nxd4 Nf6 5. Nc3 a6 6. Be3 e6 7. f3 b5 8. a3 Bb7
9. g4 Nfd7 10. f4 Nb6 11. f5 e5 12. Nf3 N8d7 13. g5 Be7 14. h4 Qc7 15. g6 hxg6
16. fxg6 f5 17. Ng5 Bxg5 18. Bxg5 Qc6 19. h5 Nc5 20. h6 gxh6 21. g7 Kd7 22. gxh8=Q
Rxh8 23. Qf3 Nba4 24. Nd5 Ke8 25. Qh5+ Kf8 26. Be7+ 1-0

[Event "Druzynowe Mistrzostwa Polski Juniorow - I Liga Juniorow 2019"]
[Site "Ustron"]
[Date "1899-12-30"]
[Round "9.10"]
[White "Warchol, Kamil"]
[Black "Wierzbicki, Dawid"]
[Result "0-1"]
[WhiteTitle "CM"]
[BlackTitle "I"]
[WhiteElo "1639"]
[BlackElo "1640"]

1. e4 c5 2. Nf3 g6 3. d4 cxd4 4. Qxd4 Nf6 5. Nc3 Nc6 6. Qa4 d6 7. e5 dxe5 8. Nxe5
Bd7 9. Nxd7 Qxd7 10. Be3 Bg7 11. Rd1 Qc7 12. Bf4 Qc8 13. Be2 O-O 14. O-O a6 15.
Bf3 b5 16. Qa3 b4 17. Qa4 bxc3 18. Bxc6 Ra7 19. Qd4 Qxc6 20. Qxa7 Nd5 21. Be3
cxb2 22. Qc5 Qxc5 23. Bxc5 Nc3 24. Ba3 Nxd1 25. Rxd1 Rb8 26. Rb1 Rc8 27. Kf1 Rxc2
28. Rd1 Bh6 29. Ke1 Bd2+ 30. Kf1 Rc1 31. Rxc1 Bxc1 32. Bxb2 Bxb2 33. Ke2 a5 34.
Kd3 a4 35. Kc2 a3 36. Kd3 f5 37. Kc4 e5 38. Kd5 e4 39. g3 Kg7 40. Kc4 Kf6 41.
Kb3 Ke5 42. Kc2 Bd4 43. h4 Bxf2 44. h5 e3 45. hxg6 hxg6 46. Kd3 f4 47. gxf4+ Kxf4
48. Ke2 Ke4 49. Kf1 Kd3 50. Kg2 e2 51. Kxf2 Kd2 0-1

[Event "Druzynowe Mistrzostwa Polski Juniorow - I Liga Juniorow 2019"]
[Site "Ustron"]
[Date "1899-12-30"]
[Round "9.11"]
[White "Furtak, Joanna"]
[Black "Hryn, Aleksandra"]
[Result "1-0"]
[WhiteTitle "k"]
[BlackTitle "I+"]
[WhiteElo "1879"]
[BlackElo "1611"]

1. e4 e6 2. d4 d5 3. Nc3 dxe4 4. Nxe4 Bd7 5. Nf3 Bc6 6. Bd3 Nd7 7. Qe2 Bxe4 8.
Bxe4 c6 9. O-O Ngf6 10. Bd3 h6 11. Re1 Be7 12. c4 Qc7 13. Bd2 O-O 14. Ne5 c5 15.
Nxd7 Qxd7 16. d5 Rad8 17. Bc2 Bd6 18. Bc3 e5 19. Bxe5 Rfe8 20. f4 Ng4 21. Qd3
g6 22. Bxd6 Qxd6 23. Qg3 h5 24. h3 Nh6 25. Re5 Kh8 26. Rae1 Rxe5 27. fxe5 Qb6
28. Qg5 Kh7 29. Rf1 Kg7 30. Rf6 1-0

[Event "Druzynowe Mistrzostwa Polski Juniorow - I Liga Juniorow 2019"]
[Site "Ustron"]
[Date "1899-12-30"]
[Round "9.12"]
[White "Kieca, Aleksandra"]
[Black "Mroz, Lena"]
[Result "1-0"]
[WhiteTitle "I"]
[BlackTitle "I++"]
[WhiteElo "1516"]
[BlackElo "1570"]

1. d4 f5 2. e3 e6 3. c4 Nf6 4. Nf3 Be7 5. Bd3 O-O 6. O-O d6 7. Nbd2 Nc6 8. e4 f4
9. a3 a5 10. Rb1 e5 11. dxe5 dxe5 12. Be2 a4 13. Qc2 Bc5 14. b4 axb3 15. Nxb3
Be7 16. c5 Qe8 17. Kh1 Kh8 18. Bb2 Nd7 19. Bb5 Bf6 20. Rfd1 Ndb8 21. Rd3 Be6 22.
Rbd1 Bf7 23. Nbd2 Qe7 24. Nb1 Rd8 25. Rxd8+ Nxd8 26. Nxe5 Bxe5 27. Bxe5 Ne6 28.
Qc3 Nc6 29. Bxc6 bxc6 30. Nd2 Bg6 31. f3 h6 32. Ra1 Kh7 33. Nb3 Qd7 34. Nd4 Ng5
35. Bxf4 Nf7 36. a4 Rd8 37. Be3 Ra8 38. a5 Ra6 39. Bc1 Nd8 40. Bb2 Kh8 41. Nc2
Ne6 42. Nb4 Ra7 43. a6 Be8 44. Qc2 Nf4 45. Rd1 Qe7 46. Qd2 Ne6 47. Qxh6+ Kg8 48.
Qe3 Qf7 49. Bd4 Bd7 50. Qc3 Bc8 51. Be3 Bd7 52. Qc4 Kh8 53. Nd3 Qe7 54. Ne5 Be8
55. Ra1 Qf6 56. Bd4 Qe7 57. Qb4 Qd8 58. Be3 Qa8 59. Qc4 Qc8 60. f4 Qd8 1-0

[Event "Druzynowe Mistrzostwa Polski Juniorow - I Liga Juniorow 2019"]
[Site "Ustron"]
[Date "1899-12-30"]
[Round "9.13"]
[White "Szpar, Milosz"]
[Black "Warchol, Bartosz"]
[Result "1-0"]
[WhiteTitle "FM"]
[BlackTitle "I++"]
[WhiteElo "2289"]
[BlackElo "1992"]

1. e4 c5 2. Nf3 d6 3. d4 cxd4 4. Qxd4 a6 5. c4 Nc6 6. Qe3 g6 7. h3 Bg7 8. Be2 Nf6
9. O-O O-O 10. Nc3 Qa5 11. Bd2 Qc5 12. Qd3 Nd7 13. Rac1 Nde5 14. Nxe5 Nxe5 15.
Qg3 Be6 16. b3 f5 17. exf5 Bxf5 18. Be3 Qa5 19. Rfd1 Nd3 20. Bxd3 Bxc3 21. Bxf5
Rxf5 22. Qh4 Bf6 23. Qe4 Qxa2 24. Qxb7 Rf8 25. Rd2 Qa3 26. Rdc2 Rf7 27. c5 dxc5
28. Rxc5 Rxc5 29. Rxc5 Kg7 30. Qd5 Qa1+ 31. Kh2 Rf8 32. g4 h6 33. Kg2 Rb8 34.
h4 Qb1 35. g5 hxg5 36. hxg5 Ba1 37. Rc1 Qb2 38. Rxa1 Qe2 39. Qe5+ Kf7 40. Qxb8
Qg4+ 41. Qg3 Qe4+ 42. Qf3+ 1-0

[Event "Druzynowe Mistrzostwa Polski Juniorow - I Liga Juniorow 2019"]
[Site "Ustron"]
[Date "1899-12-30"]
[Round "9.14"]
[White "Dylag, Emilia"]
[Black "Redzisz, Michal"]
[Result "1-0"]
[WhiteTitle "k+"]
[BlackTitle "k"]
[WhiteElo "2099"]
[BlackElo "2054"]

1. Nf3 Nf6 2. g3 b6 3. Bg2 Bb7 4. d3 e6 5. O-O Be7 6. e4 d6 7. Nbd2 O-O 8. Re1
Nbd7 9. Nf1 c5 10. N3d2 Qc7 11. f4 Rac8 12. g4 Ne8 13. Ng3 b5 14. Nf3 Nb6 15.
Qe2 Nf6 16. g5 Nfd7 17. f5 exf5 18. Nxf5 Rfe8 19. Qf2 Bf8 20. Qh4 Ne5 21. Nxe5
dxe5 22. Re3 g6 23. Rh3 h5 24. gxh6 Kh7 25. Qf6 gxf5 26. Qxf5+ Kh8 27. Bg5 Re6
28. Bf6+ Rxf6 29. Qxf6+ Kh7 30. Rg3 Bxh6 31. Rh3 Qd8 32. Rxh6+ Kg8 33. Rh8# 1-0

[Event "Druzynowe Mistrzostwa Polski Juniorow - I Liga Juniorow 2019"]
[Site "Ustron"]
[Date "1899-12-30"]
[Round "9.15"]
[White "Poltorak, Sebastian"]
[Black "Wasik, Mateusz"]
[Result "1-0"]
[WhiteTitle "I++"]
[BlackTitle "I"]
[WhiteElo "2068"]
[BlackElo "1847"]

1. d4 d5 2. c4 e6 3. Nc3 c6 4. e4 dxe4 5. Nxe4 Bb4+ 6. Bd2 Qxd4 7. Bxb4 Qxe4+ 8.
Be2 Qxg2 9. Qd6 Nd7 10. Bf3 Qg5 11. Ne2 Qe5 12. Qd2 Qf6 13. Be4 Ne7 14. Rg1 Ng6
15. O-O-O Qxf2 16. Bd6 Qh4 17. Qc2 f5 18. Bd3 Kf7 19. Rdf1 Nde5 20. Ng3 Nxd3+
21. Qxd3 Rd8 22. c5 b6 23. Qb3 Rxd6 24. Nxf5 Qd8 25. cxd6 Kg8 26. h4 Kh8 27. Nxg7
Qxh4 28. Qc3 Qh6+ 29. Kb1 Qxg7 30. Rf8+ 1-0

[Event "Druzynowe Mistrzostwa Polski Juniorow - I Liga Juniorow 2019"]
[Site "Ustron"]
[Date "1899-12-30"]
[Round "9.16"]
[White "Jozefczyk, Szymon"]
[Black "Meers, Hubert"]
[Result "0-1"]
[WhiteTitle "II"]
[BlackTitle "I++"]
[WhiteElo "1714"]
[BlackElo "2072"]

1. d4 g6 2. Nc3 c6 3. e4 d5 4. e5 Bg7 5. f4 h5 6. Nf3 Nh6 7. Bd3 Bf5 8. Ne2 Nd7
9. Ng3 Bxd3 10. Qxd3 e6 11. h4 O-O 12. b3 c5 13. c3 Rc8 14. O-O Qc7 15. Ba3 Rfd8
16. Rfc1 Bf8 17. Qe2 Qb6 18. Kh1 Ng4 19. Bb2 Rc7 20. Nh2 Nxh2 21. Kxh2 Rdc8 22.
Qf2 Bh6 23. Ne2 a5 24. Ba3 a4 25. dxc5 Qa6 26. b4 Qd3 27. Rd1 Qf5 28. Rf1 Rb8
29. Rad1 f6 30. Nd4 Qg4 31. Rde1 fxe5 32. fxe5 Rf8 33. Qe2 Qxh4+ 34. Kg1 Bf4 35.
Nf3 Qg3 36. Qf2 Qxf2+ 37. Kxf2 Nxe5 38. Kg1 Nxf3+ 39. Rxf3 e5 40. g3 Bd2 41. Rxf8+
Kxf8 42. Rxe5 Rd7 43. b5 Kf7 44. Bb2 a3 45. Bxa3 Bxc3 46. Re2 d4 47. Bb2 Rc7 48.
Bxc3 dxc3 49. c6 bxc6 50. b6 Rb7 51. Rc2 Rxb6 52. Rxc3 Ke6 53. Kf2 Kd5 54. Ke3
c5 55. Rd3+ Ke5 56. Rc3 Rc6 57. Rc4 Kd5 58. Rc3 c4 59. Rc1 Ra6 60. Rc2 Rc6 61.
Rc1 g5 62. Rd1+ Ke5 63. Rh1 c3 64. Rc1 h4 65. gxh4 gxh4 66. Rc2 h3 67. Kd3 Kf4
68. a4 Kg3 69. Rxc3 Rxc3+ 70. Kd4 0-1

[Event "Druzynowe Mistrzostwa Polski Juniorow - I Liga Juniorow 2019"]
[Site "Ustron"]
[Date "1899-12-30"]
[Round "9.17"]
[White "Leczek, Weronika"]
[Black "Pawlak, Emilia"]
[Result "1-0"]
[WhiteTitle "k"]
[BlackTitle "I"]
[WhiteElo "1806"]
[BlackElo "1636"]

1. e4 c5 2. Nf3 e6 3. Nc3 Nc6 4. d4 cxd4 5. Nxd4 Nf6 6. Ndb5 d6 7. Bf4 e5 8. Bg5
a6 9. Na3 b5 10. Nd5 Be7 11. Bxf6 Bxf6 12. c3 Bg5 13. g3 O-O 14. h4 Be7 15. Bg2
Rb8 16. Nc2 f5 17. exf5 Bxf5 18. Nce3 b4 19. Nxf5 Rxf5 20. Ne3 Rf8 21. Bxc6 bxc3
22. bxc3 Rb2 23. O-O Kh8 24. Bd5 Qc7 25. Bb3 Qc5 26. Qc1 Re2 27. Bd1 1-0

[Event "Druzynowe Mistrzostwa Polski Juniorow - I Liga Juniorow 2019"]
[Site "Ustron"]
[Date "1899-12-30"]
[Round "9.18"]
[White "Szopa, Emilia"]
[Black "Slusarczyk, Milena"]
[Result "1-0"]
[WhiteTitle "I+"]
[BlackTitle "I+"]
[WhiteElo "1415"]
[BlackElo "1522"]

1. e4 c5 2. Nf3 Nc6 3. d4 cxd4 4. Nxd4 Qb6 5. Nb3 Nf6 6. Nc3 e6 7. a3 Be7 8. Be3
Qc7 9. Be2 a6 10. O-O O-O 11. f4 d6 12. Bf3 b5 13. e5 dxe5 14. fxe5 Nd7 15. Na5
Bb7 16. Nxb7 Qxb7 17. Bf4 Rad8 18. Qe2 Qb6+ 19. Kh1 Nd4 20. Qf2 Nxf3 21. Qxf3
Qc7 22. Rae1 Nb6 23. Qg3 Rfe8 24. Ne4 Nd5 25. Nf6+ Kh8 26. Nxe8 Rxe8 27. Bg5 Bc5
28. Qh4 Qa7 29. Rf3 Be7 30. Ref1 Bxg5 31. Qxg5 Rf8 32. Rxf7 g6 33. Rxf8+ 1-0

[Event "Druzynowe Mistrzostwa Polski Juniorow - I Liga Juniorow 2019"]
[Site "Ustron"]
[Date "1899-12-30"]
[Round "9.19"]
[White "Brozyna, Mateusz"]
[Black "Skurniak, Szymon"]
[Result "1/2-1/2"]
[WhiteTitle "k"]
[BlackTitle "I+"]
[WhiteElo "2252"]
[BlackElo "2066"]

1. e4 d6 2. d4 Nf6 3. Nc3 e5 4. Nf3 Nbd7 5. Bc4 Be7 6. O-O O-O 7. a4 a5 8. Re1
c6 9. Ba2 h6 10. h3 Re8 11. Nh4 Nf8 12. dxe5 dxe5 13. Qf3 Qc7 14. Be3 Be6 15.
Nf5 Rad8 16. Qg3 Bxf5 17. exf5 Nh5 18. Qg4 Nf6 19. Qc4 Bb4 20. Red1 Qe7 21. Bb6
Rd7 22. Ne4 Nd5 23. f6 Nxf6 24. Nxf6+ Qxf6 25. c3 Bd6 26. Bxa5 Ne6 27. Bb4 Red8
28. Ba5 Bc7 29. Rxd7 Rxd7 30. Bxc7 Nxc7 31. Qe2 Ne6 32. Re1 Nc5 33. Qxe5 Qxe5
34. Rxe5 Nxa4 35. Re8+ Kh7 36. Re2 Kg6 37. Bb3 Nc5 38. Bc2+ Kf6 39. Kf1 Ne6 40.
g3 g5 41. Ke1 Nc7 42. Re4 Nd5 43. Ke2 b5 44. Bb3 c5 45. Bc2 Ra7 46. Kf3 Nb6 47.
Re8 Ke5 48. Ke4+ 1/2-1/2

[Event "Druzynowe Mistrzostwa Polski Juniorow - I Liga Juniorow 2019"]
[Site "Ustron"]
[Date "1899-12-30"]
[Round "9.20"]
[White "Dixa, Oskar"]
[Black "Suder, Jakub"]
[Result "0-1"]
[WhiteTitle "k"]
[BlackTitle "I++"]
[WhiteElo "2019"]
[BlackElo "1989"]

1. d4 d5 2. c4 e6 3. Nc3 a6 4. cxd5 exd5 5. Bf4 Nf6 6. e3 Bd6 7. Bxd6 Qxd6 8. Bd3
c6 9. h3 Nbd7 10. Nf3 O-O 11. O-O Re8 12. Qc2 g6 13. Rfc1 Nh5 14. Rab1 Ng7 15.
b4 Nb6 16. a4 Bf5 17. Nd2 Qe7 18. b5 cxb5 19. axb5 a5 20. Bxf5 Nxf5 21. Nb3 Qg5
22. Qd1 h5 23. Ra1 Nh4 24. Qf1 a4 25. Nc5 Nc4 26. Ra2 Rec8 27. Rcc2 a3 28. e4
Nd2 29. f4 Nhf3+ 30. Kf2 Nxf1 31. fxg5 Nxd4 32. Nxd5 Nxc2 33. Ne7+ Kg7 34. Nxc8
Nb4 35. Nb6 Nxa2 36. Nxa8 Nc1 0-1

[Event "Druzynowe Mistrzostwa Polski Juniorow - I Liga Juniorow 2019"]
[Site "Ustron"]
[Date "1899-12-30"]
[Round "9.21"]
[White "Dziewonski, Dariusz"]
[Black "Ochedzan, Tymon"]
[Result "0-1"]
[WhiteTitle "I"]
[BlackTitle "CM"]
[WhiteElo "1803"]
[BlackElo "2064"]

1. e4 c5 2. Nf3 d6 3. d4 cxd4 4. Nxd4 Nf6 5. Nc3 a6 6. Bc4 e6 7. O-O Be7 8. Bb3
O-O 9. f4 b5 10. a3 Nbd7 11. f5 e5 12. Nde2 Bb7 13. Ng3 Nc5 14. Bd5 Bxd5 15. exd5
a5 16. Bg5 Ncd7 17. Bxf6 Nxf6 18. Nce4 Rc8 19. c3 b4 20. axb4 axb4 21. Nxf6+ Bxf6
22. Ne4 bxc3 23. bxc3 Be7 24. Qd3 f6 25. h3 Qb6+ 26. Kh2 Ra8 27. Rfb1 Qc7 28.
Ra6 Rfc8 29. Rb4 Qd7 30. g4 Qc7 31. Kg2 Rab8 32. Raa4 Rxb4 33. Rxb4 Qa7 34. Qb1
Qe3 35. Rb8 Rxb8 36. Qxb8+ Bf8 37. Qb4 Qd3 38. Nf2 Qxd5+ 39. Kg3 Qd2 40. Qc4+
d5 41. Qc6 e4 42. Qe6+ Kh8 43. Qc8 Qe3+ 44. Kg2 Qc5 45. Qxc5 Bxc5 46. Nd1 Kg8
47. Kg3 Kf7 48. Kf4 Ke7 49. c4 e3 50. Nxe3 Bxe3+ 51. Kxe3 dxc4 52. Kd4 Kd6 53.
Kxc4 Ke5 54. Kc5 Kf4 55. Kd4 Kg3 56. Ke4 Kxh3 57. Kf3 Kh4 58. Kf4 h5 0-1

[Event "Druzynowe Mistrzostwa Polski Juniorow - I Liga Juniorow 2019"]
[Site "Ustron"]
[Date "1899-12-30"]
[Round "9.22"]
[White "Jedraszek, Pawel"]
[Black "Sobala, Filip"]
[Result "1-0"]
[WhiteTitle "I"]
[BlackTitle "II"]
[WhiteElo "1807"]
[BlackElo "1421"]

1. d4 d5 2. c4 e6 3. Nf3 c6 4. Nbd2 Nf6 5. g3 Bb4 6. Qb3 Be7 7. Bg2 O-O 8. O-O
Nbd7 9. Qc2 b6 10. e4 dxe4 11. Nxe4 Bb7 12. Bf4 c5 13. Nxf6+ Nxf6 14. dxc5 Bxc5
15. Ne5 Bxg2 16. Kxg2 Nh5 17. Bd2 Nf6 18. Bg5 Be7 19. Rfd1 Qc7 20. Qe2 Rfd8 21.
Bf4 Bd6 22. h4 h6 23. Ng6 Bxf4 24. Nxf4 Rac8 25. b3 Qe7 26. Nd3 Nd7 27. Ne5 Nxe5
28. Qxe5 Kf8 29. Kh2 Kg8 30. Rac1 Rc5 31. Qe4 Rcc8 32. Qf4 Rb8 33. Re1 Rb7 34.
Re2 Rc7 35. Rec2 Qc5 36. b4 Qe7 37. c5 bxc5 38. Rxc5 Rb7 39. a3 Qd7 40. Rc7 Rxc7
41. Rxc7 Qe8 42. Rxa7 Ra8 43. Qc7 Rxa7 44. Qxa7 Qb5 45. Qa5 Qe2 46. Qc5 Qb2 47.
a4 Qa2 48. a5 1-0

[Event "Druzynowe Mistrzostwa Polski Juniorow - I Liga Juniorow 2019"]
[Site "Ustron"]
[Date "1899-12-30"]
[Round "9.23"]
[White "Mazanowska, Aniela"]
[Black "Wawrzyniak, Weronika"]
[Result "0-1"]
[WhiteTitle "II"]
[BlackTitle "I"]
[WhiteElo "1250"]
[BlackElo "1493"]

1. e4 c5 2. Nf3 a6 3. d3 Nc6 4. g3 e5 5. Bg2 Nge7 6. O-O g6 7. Be3 d6 8. Qd2 Bg7
9. a3 a5 10. Nc3 O-O 11. Nd5 Nxd5 12. exd5 Ne7 13. c4 f5 14. Bh6 Qe8 15. Bxg7
Kxg7 16. b4 axb4 17. axb4 Rxa1 18. Rxa1 cxb4 19. Qxb4 Qd8 20. Ra8 h6 21. Nd2 Qc7
22. Nb3 b6 23. Qa4 Rf7 24. f4 g5 25. fxe5 dxe5 26. Qa3 Qd7 27. Ra7 Bb7 28. d6
Nc6 29. Ra4 f4 30. gxf4 gxf4 31. c5 b5 32. Re4 f3 33. h3 fxg2 34. Rg4+ Kh7 35.
Rxg2 Qxh3 36. Qb2 Qe3+ 37. Kh2 Nb4 38. Qe2 Qf4+ 39. Rg3 Qh4+ 40. Rh3 Qf4+ 41.
Rg3 Rg7 42. Qe3 Qh4+ 43. Rh3 Rg2+ 44. Kh1 Re2+ 45. Kg1 Qe1# 0-1

[Event "Druzynowe Mistrzostwa Polski Juniorow - I Liga Juniorow 2019"]
[Site "Ustron"]
[Date "1899-12-30"]
[Round "9.24"]
[White "Barwinska, Ewa"]
[Black "Goraj, Barbara"]
[Result "1/2-1/2"]
[WhiteTitle "I++"]
[BlackTitle "I++"]
[WhiteElo "1724"]
[BlackElo "1783"]

1. e4 c5 2. Nf3 d6 3. d4 cxd4 4. Nxd4 Nf6 5. Nc3 Nc6 6. Bg5 e6 7. Qd2 a6 8. O-O-O
Bd7 9. f3 h6 10. Be3 b5 11. Nxc6 Bxc6 12. Ne2 Bb7 13. Nd4 e5 14. Nb3 Rc8 15. Bd3
Be7 16. Qf2 Qd7 17. g4 Qe6 18. Rhf1 g6 19. Kb1 g5 20. h3 Nd7 21. Qe2 Bd8 22. c3
O-O 23. Rg1 Bb6 24. Bxb6 Nxb6 25. h4 f6 26. Rh1 Na4 27. Qd2 Rcd8 28. Qh2 Kg7 29.
Qg3 Qf7 30. Bc2 Nb6 31. Rh2 Nc4 32. Rdh1 Rh8 33. Nd2 Bc8 34. Nxc4 bxc4 35. Rd2
1/2-1/2

[Event "Druzynowe Mistrzostwa Polski Juniorow - I Liga Juniorow 2019"]
[Site "Ustron"]
[Date "1899-12-30"]
[Round "9.25"]
[White "Teclaf, Pawel"]
[Black "Raczynski, Krzysztof"]
[Result "1/2-1/2"]
[WhiteTitle "IM"]
[BlackTitle "k+"]
[WhiteElo "2454"]
[BlackElo "2170"]

1. Nf3 Nf6 2. b3 g6 3. Bb2 Bg7 4. c4 d6 5. d4 O-O 6. e3 e5 7. Nc3 e4 8. Nd2 Re8
9. Be2 h5 10. O-O Bf5 11. b4 Nbd7 12. a4 Nf8 13. a5 a6 14. b5 h4 15. c5 d5 16.
c6 bxc6 17. bxa6 h3 18. g3 Ne6 19. Na4 Ng5 20. Re1 Qc8 21. Qc2 Bg4 22. Bf1 Re6
23. Nc5 Rd6 24. Nb7 Re6 25. Ba3 Bf3 26. Nc5 Re8 27. Qa4 Qf5 28. Qxc6 Bg2 29. Be2
Bf3 30. Bf1 Bg2 31. Be2 1/2-1/2

[Event "Druzynowe Mistrzostwa Polski Juniorow - I Liga Juniorow 2019"]
[Site "Ustron"]
[Date "1899-12-30"]
[Round "9.26"]
[White "Butyrowski, Marcel"]
[Black "Niedbala, Bartlomiej"]
[Result "0-1"]
[WhiteTitle "I++"]
[BlackTitle "k"]
[WhiteElo "2041"]
[BlackElo "2120"]

1. d4 g6 2. c4 Bg7 3. g3 d6 4. Nf3 Nc6 5. Bg2 Bd7 6. O-O Qc8 7. Re1 Bh3 8. Bh1
h5 9. Qd3 h4 10. Nxh4 Nxd4 11. Nf3 Nxf3+ 12. Bxf3 Nf6 13. Nc3 c6 14. Bg5 Ng4 15.
Ne4 Ne5 16. Qb3 Be6 17. Rac1 f5 18. Nd2 Nf7 19. Be3 g5 20. Nf1 Bd7 21. Bd2 e5
22. Bg2 Qc7 23. c5 d5 24. f3 Ke7 25. Qa3 Be6 26. b4 a6 27. Ne3 Rh7 28. b5 e4 29.
fxe4 fxe4 30. Rf1 Qd7 31. bxc6 bxc6 32. Qa4 Rhh8 33. g4 Be5 34. h3 Bf4 35. Nf5+
Bxf5 36. Bxf4 gxf4 37. Rxf4 Be6 38. Qd4 Rag8 39. Qf6+ Ke8 40. Rb1 Nd8 41. Rb8
Qe7 42. Qe5 Rf8 43. g5 Rxf4 44. Qxf4 Rf8 45. Qe5 Qxc5+ 46. Kh2 Kd7 47. Ra8 Nf7
0-1

[Event "Druzynowe Mistrzostwa Polski Juniorow - I Liga Juniorow 2019"]
[Site "Ustron"]
[Date "1899-12-30"]
[Round "9.27"]
[White "Dziendziel, Mateusz"]
[Black "Wojdak, Jan"]
[Result "0-1"]
[WhiteTitle "I"]
[BlackTitle "I"]
[WhiteElo "1753"]
[BlackElo "1803"]

1. e4 c5 2. Nc3 Nc6 3. g3 g6 4. Bg2 Bg7 5. d3 d6 6. Be3 e6 7. Qd2 Nge7 8. Bh6 Bxh6
9. Qxh6 Nd4 10. Rc1 Ng8 11. Qd2 h5 12. h4 Nh6 13. Nge2 Nxe2 14. Nxe2 e5 15. Nc3
Be6 16. O-O Qd7 17. Qg5 Qe7 18. Nd5 Bxd5 19. Qxe7+ Kxe7 20. exd5 f5 21. Rfe1 Kf6
22. c3 Rhe8 23. Re2 Re7 24. Rce1 Rae8 25. Kf1 g5 26. hxg5+ Kxg5 27. d4 cxd4 28.
cxd4 e4 29. Rc2 Ng8 30. Rec1 Nf6 31. Rc4 Nxd5 32. Ra4 a6 33. Ra5 Nf6 34. Bh3 d5
35. b4 e3 36. f4+ Kg6 37. Ra3 Ne4 38. Kg2 Nd2 39. Re1 Nc4 40. Rd3 Kf6 41. Re2
Rh8 42. Kf1 h4 43. Bg2 h3 44. Bxd5 Nd2+ 45. Kg1 h2+ 46. Kh1 Nf1 0-1

[Event "Druzynowe Mistrzostwa Polski Juniorow - I Liga Juniorow 2019"]
[Site "Ustron"]
[Date "1899-12-30"]
[Round "9.28"]
[White "Stanislawski, Karol"]
[Black "Herwy, Jakub"]
[Result "0-1"]
[WhiteTitle "II"]
[BlackTitle "I+"]
[WhiteElo "1279"]
[BlackElo "1641"]

1. d4 Nf6 2. Nf3 c5 3. d5 e6 4. Nc3 b5 5. dxe6 fxe6 6. Nxb5 d5 7. e3 a6 8. Nc3
Bd6 9. Be2 O-O 10. O-O Nbd7 11. b3 Bb7 12. Bb2 Qe7 13. Nb1 e5 14. Re1 e4 15. Nfd2
Kh8 16. c4 d4 17. exd4 e3 18. fxe3 Qxe3+ 19. Kh1 Qh3 20. Nf3 Bxf3 0-1

[Event "Druzynowe Mistrzostwa Polski Juniorow - I Liga Juniorow 2019"]
[Site "Ustron"]
[Date "1899-12-30"]
[Round "9.29"]
[White "Adamczyk, Zuzanna"]
[Black "Szelag, Zuzanna"]
[Result "1/2-1/2"]
[WhiteTitle "k"]
[BlackTitle "k"]
[WhiteElo "1872"]
[BlackElo "1942"]

1. e4 c5 2. Nf3 d6 3. d4 cxd4 4. Nxd4 Nf6 5. Nc3 a6 6. Bg5 e6 7. f4 Qb6 8. Qd2
Qxb2 9. Rb1 Qa3 10. f5 Nc6 11. fxe6 fxe6 12. Nxc6 bxc6 13. e5 dxe5 14. Bxf6 gxf6
15. Ne4 Qxa2 16. Rd1 Be7 17. Be2 O-O 18. O-O Ra7 19. Qh6 Rd7 20. Rf3 Rxd1+ 21.
Bxd1 Rf7 22. Rg3+ Kh8 23. Qh5 Qa5 24. Kf1 Qd8 25. Qxf7 Qxd1+ 26. Kf2 Qxc2+ 27.
Kf3 Qd1+ 28. Kf2 Qc2+ 29. Kf3 Qd1+ 30. Kf2 Qc2+ 1/2-1/2

[Event "Druzynowe Mistrzostwa Polski Juniorow - I Liga Juniorow 2019"]
[Site "Ustron"]
[Date "1899-12-30"]
[Round "9.30"]
[White "Frackowiak, Lena"]
[Black "Obrochta, Lena"]
[Result "0-1"]
[WhiteTitle "II"]
[BlackTitle "I++"]
[WhiteElo "1039"]
[BlackElo "1546"]

1. e4 c5 2. Nc3 a6 3. d4 cxd4 4. Qxd4 Nc6 5. Qd2 e6 6. b3 Nf6 7. Bb2 Be7 8. O-O-O
O-O 9. Be2 b5 10. Bf3 Qc7 11. g4 d6 12. g5 Ne8 13. h4 Bb7 14. h5 Ne5 15. g6 h6
16. Qe1 Rc8 17. Bg2 b4 18. f4 bxc3 19. fxe5 cxb2+ 20. Kxb2 Qxc2+ 21. Ka1 Qxg2
22. Ne2 Qxe4 0-1